000 00730nam a22001817a 4500
999 _c61419
_d61419
005 20240311154151.0
008 240311s1976 ru ||||| |||| 00| 0 rus d
041 _arus
080 _a551.41(309) : 902.6 P-34
100 _aРезанов, И. A.
_921382
245 _aАтлантида. Фантазия или реальность?
_cИ. A. Резанов; Академия наук СССР.
264 _aМосква :
_bНаука,
_c1976.
300 _a126 с.:
_bил.;
_c20 см.
440 _aНаучно-популярная серия
_920761
653 _aატლანტიდა. ფანტაზია თუ რეალობა
710 _aАкадемия наук СССР.
_921383
942 _2udc
_cBK